000 01156nam a2200241Ia 4500
003 Ost
005 20260507075604.0
008 260507s9999||||xx |||||||||||||| ||und||
020 _a9789777332958
040 _cfsecg
041 _aara
082 _a330.12
100 _aالعوضي، رفعت السيد
_eمؤلف
245 0 _aالنظم الإقتصادية المعاصرة /
_c رفعت السيد العوضي
260 _aالإسكندرية:
_bدار التعليم الجامعي,
_c2020
300 _a172 صفحة؛
_bإيضاحات ؛
_c24 سم
504 _aببليوغرافيا ص.169
520 _aتناول هذا الكتاب موضوع النظم الاقتصادية المعاصرة حيث تطرق الى العولمة والرأسمالية بأقلام مفكرين غربيين ( فرانسيس فوكوياما و صمويل هينتنجتون ، و هانس بيتر مارتين ، هارلدشومان) ، والمدارس الاقتصادية الاشتراكية.
653 _aالإشتراكية
653 _aالرأسمالية
653 _aالنظم الإقتصادية
942 _cكتاب
999 _c45034
_d45034